Календарь революции: Рассказы : [Для сред. и ст. шк. возраста]

Dades bibliogràfiques
Autor principal: Логинов В. Т. Владлен Терентьевич
Altres autors: Мешков Е. А. (иллюстратор)
Idioma:rus
Publicat: Москва, Дет. лит., 1989
Matèries:
Format: MixedMaterials Llibre
KOHA link:https://koha.lib.tpu.ru/cgi-bin/koha/opac-detail.pl?biblionumber=86307

MARC

LEADER 00000nam0a2200000 4500
001 86307
005 20231031101527.0
010 |a 5080019832 
020 |a RU  |b 89-66631 
035 |a (RuTPU)RU\TPU\book\92699 
090 |a 86307 
100 |a 20051124d1989 m a0rusy5003 ca 
101 0 |a rus 
102 |a RU 
105 |a a z 000ay 
200 1 |a Календарь революции  |e Рассказы : [Для сред. и ст. шк. возраста]  |f В. Логинов  |g Худож. Е. Мешков 
210 |a Москва  |c Дет. лит.  |d 1989 
215 |a 57,[2] с.  |c цв. ил.  |d 28 см 
610 1 |a Февральская буржуазно-демократическая революция 1917 г. 
610 1 |a Великая Октябрьская социалистическая революция 
610 1 |a рассказы 
675 |a 882-93Логинов  |z rus  |v 3 
700 1 |a Логинов  |b В. Т.  |g Владлен Терентьевич  |4 070 
702 1 |a Мешков  |b Е. А.  |4 440 
801 0 |a RU  |b RuMRKP  |c 19950417  |g psbo 
801 1 |a RU  |b 63413507  |c 20051124  |g PSBO 
801 2 |a RU  |b 63413507  |c 20060519  |g PSBO 
942 |c BK